Княгиня Ольга: роман

Dettagli Bibliografici
Autore principale: Антонов А. И. Александр Ильич
Riassunto:Александр Ильич Антонов родился в 1924 г. на Волге в городе Рыбинске. Печататься начал с 1953 г. Работал во многих газетах и журналах. Член Союза журналистов и Союза писателей РФ. В 1973 г. вышла в свет его первая повесть «Снега полярные зовут». С начала 80-х годов Антонов пишет историческую прозу. Он автор романов «Великий государь», «Князья веры», «Честь воеводы», «Русская королева», «Императрица под белой вуалью» и многих других исторических произведений; лауреат Всероссийской литературной премии «Традиция» за 2003 г. В данном томе публикуется роман «Княгиня Ольга», в котором перед читателями предстает портрет русской святой, великой княгини, правившей Киевской Русью в X веке. Автор описывает все этапы жизненного пути своей героини: отрочество, замужество, вдовое княжение после гибели князя Игоря и воспитание сына Святослава.
Lingua:russo
Pubblicazione: Москва, Мир книги, 2006
Serie:Женские лики - символы веков
Soggetti:
Natura: MixedMaterials Libro
KOHA link:https://koha.lib.tpu.ru/cgi-bin/koha/opac-detail.pl?biblionumber=104233

MARC

LEADER 00000nam0a2200000 4500
001 104233
005 20231031113910.0
010 |a 5486007574 
035 |a (RuTPU)RU\TPU\book\112350 
090 |a 104233 
100 |a 20061030d2006 m y0rusy50 ca 
101 0 |a rus 
102 |a RU 
105 |a y z 000ab 
200 1 |a Княгиня Ольга  |e роман  |f А. И. Антонов 
210 |a Москва  |c Мир книги  |d 2006 
215 |a 352 с. 
225 1 |a Женские лики - символы веков 
330 |a Александр Ильич Антонов родился в 1924 г. на Волге в городе Рыбинске. Печататься начал с 1953 г. Работал во многих газетах и журналах. Член Союза журналистов и Союза писателей РФ. В 1973 г. вышла в свет его первая повесть «Снега полярные зовут». С начала 80-х годов Антонов пишет историческую прозу. Он автор романов «Великий государь», «Князья веры», «Честь воеводы», «Русская королева», «Императрица под белой вуалью» и многих других исторических произведений; лауреат Всероссийской литературной премии «Традиция» за 2003 г. В данном томе публикуется роман «Княгиня Ольга», в котором перед читателями предстает портрет русской святой, великой княгини, правившей Киевской Русью в X веке. Автор описывает все этапы жизненного пути своей героини: отрочество, замужество, вдовое княжение после гибели князя Игоря и воспитание сына Святослава. 
600 0 |a Ольга  |c киевская княгиня  |f ?-969  |c жена князя Игоря  |2 stltpush  |3 (RuTPU)RU\TPU\pers\9912 
610 1 |a русская литература 
610 1 |a исторические романы 
610 1 |a Киевская Русь 
610 1 |a 10 век 
675 |a Р2  |v 3 
686 |a Т3(2)41  |v LBC/SL-A  |2 rubbk 
700 1 |a Антонов  |b А. И.  |g Александр Ильич 
801 1 |a RU  |b 63413507  |c 20061030  |g PSBO 
801 2 |a RU  |b 63413507  |c 20061107  |g PSBO 
942 |c BK